Qu'étudie cette discipline ? n°2 - Statistiques

Statistiques générales
  • Ce quiz a été pris 3 826 fois
    3 527 depuis la dernière actualisation
  • Le résultat moyen est 9 sur 20
Statistiques - réponses
Discipline Objet d'étude % Correct
Zoologie Animaux
100%
Démographie Populations humaines
79%
Urbanologie Villes
78%
Météorologie Atmosphère
69%
Ornithologie Oiseaux
61%
Mycologie Champignons
60%
Œnologie Vin
60%
Lexicologie Mots
59%
Hellénisme Grèce
45%
Optique Lumière
40%
Mécanique Mouvement
32%
Didactique Enseignement
30%
Sélénologie Lune
27%
Néphrologie Reins
27%
Cynologie Chiens
26%
Chimie Matière
25%
Probabilités Hasard
16%
Pétrologie Roches
15%
Herpétologie Reptiles
9%
Organologie Instruments de musique
5%
Aucun quiz correspondant
Distribution des résultats
% des personnes avec chaque résultat
Percentile par nombre de réponses
Votre historique - résultats
Vous n’avez pas pris ce quiz depuis la dernière actualisation